000 00499nam a2200145 4500
999 _c10197
_d10197
008 180804b ||||| |||| 00| 0 eng d
022 _a2094-8042
082 _aDPer 370.105 M72 Jan-Dec 2011 v59-60
100 _930086
_aPoliquit, Monica O.
245 _aThe enhances K+12 basic education program/
_cMonica O. Poliquit.
260 _aPhilippines;
_bIn The Grade School, Inc.,
_cc2011.
300 _av60 n1, pages 5-7:
_billustrations;
_c27cm.
650 0 _930087
_aEducation
_xK+12.
942 _2ddc
_cPER